[Event "Bethune op-B 24th"]
[Site "Bethune"]
[Date "2003.12.27"]
[Round "2"]
[White "Przymenski, Christian"]
[Black "Dreumont, Franck"]
[Result "1/2-1/2"]
[WhiteElo "1760"]
[BlackElo "1590"]
[PlyCount "108"]
[EventDate "2003.12.26"]
[EventType "swiss"]
[EventRounds "9"]
[EventCountry "FRA"]
[SourceTitle "EXT 2005"]
[Source "ChessBase"]
[SourceDate "2004.11.15"]
[SourceVersion "1"]
[SourceVersionDate "2004.11.15"]
[SourceQuality "1"]

1. c4 e5 2. Nc3 Nc6 3. g3 g6 4. Bg2 Bg7 5. d3 d6 6. e3 Be6 7. Nge2 Qd7 8. Nd5 Nd8 9. 0-0 c6 10. Ndc3 Bh3 11. f4 h5 12. Rf2 h4 13. Qf1 hxg3 14. Nxg3 Bxg2 15. Qxg2 exf4 16. Rxf4 Ne6 17. Rf1 0-0-0 18. Bd2 Nf6 19. Rab1 Nh5 20. Nce4 f5 21. Nxh5 gxh5 22. Nf2 Bxb2 23. Kh1 Rdg8 24. Qf3 Ng5 25. Qe2 Be5 26. h4 Nf7 27. Rg1 Bg3 28. Rbf1 Bxh4 29. Nh3 Bg3 30. Qf3 Ne5 31. Qxf5 Qxf5 32. Rxf5 Nxd3 33. Bc3 Be5 34. Rd1 Bxc3 35. Rxd3 Be5 36. Ng5 Rf8 37. Nf7 Kc7 38. e4 Rh7 39. Rdf3 Re8 40. c5 b6 41. cxd6+ Bxd6 42. e5 Be7 43. Rd3 c5 44. e6 c4 45. Rd7+ Kb8 46. Ne5 Rc8 47. Rf2 Rc7 48. Rc2 b5 49. a4 Rxd7 50. exd7 a6 51. axb5 axb5 52. Rb2 Kc7 53. Rxb5 Bd6 54. Nxc4 Rxd7 1/2-1/2

[Event "Bethune op-B 24th"]
[Site "Bethune"]
[Date "2003.12.26"]
[Round "1"]
[White "Westrick, Erik"]
[Black "Przymenski, Christian"]
[Result "0-1"]
[WhiteElo "1590"]
[BlackElo "1760"]
[PlyCount "66"]
[EventDate "2003.12.26"]
[EventType "swiss"]
[EventRounds "9"]
[EventCountry "FRA"]
[SourceTitle "EXT 2005"]
[Source "ChessBase"]
[SourceDate "2004.11.15"]
[SourceVersion "1"]
[SourceVersionDate "2004.11.15"]
[SourceQuality "1"]

1. d4 Nf6 2. c4 g6 3. Nc3 d5 4. Nf3 Bg7 5. Qb3 c6 6. cxd5 Nxd5 7. e4 Nxc3 8. bxc3 0-0 9. Be2 c5 10. Be3 Qa5 11. 0-0 Nd7 12. Rfd1 Qc7 13. Rac1 b6 14. Bg5 h6 15. Bh4 Bb7 16. Bg3 Qc8 17. d5 Nf6 18. e5 Ne4 19. Bf4 g5 20. Bd3 Nxf2 21. Kxf2 gxf4 22. Be4 c4 23. Qc2 Qc5+ 24. Rd4 Rad8 25. Qd2 Bxd5 26. Bxd5 Rxd5 27. Qxf4 Rfd8 28. Qg3 b5 29. Kf1 Rxd4 30. cxd4 Qa3 31. Re1 Qxa2 32. Qg4 c3 33. Nh4 Qc4+ 0-1